000 01724nam a2200337 a 4500
005 20180803165321.0
008 140127b ck ||||| |||| 00| 0 spa d
040 _cCO-BoIH
041 _aspa
090 _aIAVH
_b00658
100 _aCaycedo Rosales, Paula
_95243
245 _aBuscando oportunidades de conservación a nivel de paisaje en un bosque subandino de la cordillera central de los Andes colombianos
260 _aBogotá
_bInstituto Alexander von Humboldt
_c200?
300 _a53 p.
520 _aMediante el uso de tres grupos indicadores (aves, plantas y hormigas) se evaluaron los patrones de diversidad en un paisaje rural ganadero en la ecoregión de bosques subandinos de la vertiente occidentan de la Cordillera Central de los Andes colombianos y se identificaron los elementos en el paisaje con mayor potencial de conservación, teniendo en cuenta la riqueza de especies (diversidad alfa), el recambio (diversidad beta) y la presencia de especies de interés para la conservación, con el fin de dar una base teórica biológica para la planeación de mejoramiento, preservación y aumento de conectiviadad de los remanentes de bosque nativo en el paisaje.
650 _aBiodiversidad
_992204
650 _aConservación
_930074
650 _aPaisajes rurales
_92419
650 _aComunidades
_930075
650 _aBiodindicadores
_95245
650 _aAves
_930076
650 _aHormigas
_930077
650 _aPlantas
_992294
650 _aBosque subandino
_930079
662 _aColombia
_dAranzazu
_bCaldas
662 _aColombia
_dSalamina
_bCaldas
700 _aJiménez, Elizabeth
_92483
700 _aLozano, Fabio
_95247
700 _aMendoza, Javier Eduardo
_95199
942 _2z
_cINFORME
999 _c5884
_d5884